<?xml version="1.0" encoding="UTF-8"?>
<marc:record xmlns:marc="http://www.loc.gov/MARC21/slim">
   <marc:leader>00000nam a2200000 a 4500</marc:leader>
   <marc:datafield ind1="1" ind2=" " tag="100">
      <marc:subfield code="a">Brand, Inka</marc:subfield>
      <marc:subfield code="4">aut</marc:subfield>
      <marc:subfield code="e">Verfasser/-in</marc:subfield>
   </marc:datafield>
   <marc:datafield ind1="1" ind2=" " tag="100">
      <marc:subfield code="a">Brand, Markus</marc:subfield>
      <marc:subfield code="4">aut</marc:subfield>
      <marc:subfield code="e">Verfasser/-in</marc:subfield>
   </marc:datafield>
   <marc:datafield ind1=" " ind2=" " tag="653">
      <marc:subfield code="a">Spielen, Lernen</marc:subfield>
   </marc:datafield>
   <marc:datafield ind1="0" ind2="0" tag="245">
      <marc:subfield code="a">Monsterfalle</marc:subfield>
   </marc:datafield>
   <marc:datafield ind1="0" ind2="0" tag="245">
      <marc:subfield code="c">Brand, Inka</marc:subfield>
   </marc:datafield>
   <marc:datafield ind1=" " ind2="1" tag="264">
      <marc:subfield code="a">Stuttgart</marc:subfield>
      <marc:subfield code="b">Kosmos</marc:subfield>
      <marc:subfield code="c">2022</marc:subfield>
   </marc:datafield>
   <marc:datafield ind1="1" ind2=" " tag="520">
      <marc:subfield code="a">Der lustige Monster-Schiebe-Spaß für 2 bis 4 SpielerInnen ab 6 Jahren. &#xD;
Preisgekröntes Kinderspiel: „Deutscher Spielepreis“ 2011 in der Kategorie „Kinderspiele“, nominiert für „Kinderspiel des Jahres“ 2011. &#xD;
Empfohlen von TOGGO Toys: Garantierter Spielspaß für die ganze Familie! &#xD;
Monstermäßiges Brettspiel: Fangt die Monster, bevor Oma Frieda zur Tür reinkommt und sich fürchterlich erschreckt. &#xD;
Hoher Spaßfaktor durch den besonderen Spielaufbau! &#xD;
Von den erfolgreichen Spieleautoren Inka und Markus Brand. &#xD;
Kooperative Spielelemente trainieren den Teamgeist und fördern die Kommunikation der Kinder. &#xD;
Ideal für Spielenachmittage und Kindergeburtstage. &#xD;
&#xD;
Die Monster sind los! Super, denn die lustigen Monster sorgen für ganz schön viel Spaß in der alten Villa. Doch plötzlich steht Oma Frieda vor der Tür – und die würde vor den Monstern fürchterlich erschrecken. Bei diesem Kinderspiel ab 6 Jahren sind jetzt geschickte Monsterjägerinnen und Monsterjäger gefragt: Helft alle mit, die lustigen Monster einzufangen! Dabei hilft der clevere Spieleaufbau mit Schiebemechanismus. Schiebt sie so schnell wie möglich durch die Villa und schubst sie dann – schwups – in die Monsterfalle! Wer geschickt ist und sich gut mit den anderen Kindern abspricht, fängt bei diesem rasanten Schiebespaß die meisten Monster.</marc:subfield>
   </marc:datafield>
   <marc:datafield ind1="3" ind2=" " tag="024">
      <marc:subfield code="a">4002051682637</marc:subfield>
   </marc:datafield>
   <marc:datafield ind1=" " ind2=" " tag="041">
      <marc:subfield code="a">ger</marc:subfield>
   </marc:datafield>
   <marc:datafield ind1=" " ind2=" " tag="338">
      <marc:subfield code="a">Gegenstand</marc:subfield>
   </marc:datafield>
</marc:record>
